| 000 | 00484nam a22001817a 4500 | ||
|---|---|---|---|
| 003 | OSt | ||
| 005 | 20251231095907.0 | ||
| 008 | 251231b |||||||| |||| 00| 0 eng d | ||
| 020 | _a0850454824 | ||
| 040 |
_aLC _cJCSC |
||
| 050 |
_aF 3031 _b.F69 1982 |
||
| 100 | _aWilliam Fowler | ||
| 245 |
_aBattle for the falklands land forces / _cFowler W. |
||
| 260 |
_aLondon : _bOsprey ; _c1982. |
||
| 300 | _a40 pages. | ||
| 650 |
_aLandforces _vfalkland island war,1982 |
||
| 942 |
_2lcc _cBK _n0 |
||
| 999 |
_c23384 _d23383 |
||